000 00261nam a2200109Ia 4500
008 190914s9999||||xx |||||||||||||| ||und||
100 _aJames P. Sterba
245 0 _aMorality In Practice
260 _aNew Delhi
_bMcGraw Hill
_c2001
300 _a784
942 _cBK
999 _c8374
_d8374